Nonlinear systems techniques and applications

Saved in:
书目详细资料
主要作者: Bendat, Julius S (Author)
格式: 图书
语言:英语
出版: Nueva York Wiley 1997
主题:
标签: 添加标签
没有标签, 成为第一个标记此记录!

MARC

LEADER 00000nam a2200000 a 4500
001 UCQ3478
003 CL-VaPUC
008 980821e19970000US |||||||||||||||||eng|d
082 0 4 |a 519.5  |b BEN  |2 21 
100 0 |a Bendat, Julius S  |e author  |9 417667 
245 1 0 |a Nonlinear systems techniques and applications 
300 |a 474 p 
942 |c BK 
945 |d 19980821 00:00:00  |a mvenant 
260 |a Nueva York  |b Wiley  |c 1997 
650 0 |a Análisis de sistemas   |9 260059 
650 0 |a Ecuaciones no lineales  |9 343071 
650 0 |a Procesos estocásticos   |9 260364 
583 |a last modification  |c 19980821 00:00:00  |k Rodrigo Vera 
999 |c 274050  |d 274048 
952 |0 0  |1 0  |4 0  |6 519_500000000000000_BEN_1997  |7 0  |8 A  |9 310104  |a BIBGIM  |b BIBGIM  |d 2019-11-20  |i 3455734  |o 519.5 BEN 1997  |p 3455734  |r 2025-01-15  |w 2019-11-20  |y BK  |k EST